[Event "St Petersburg Korchnoi Memorial op"]
[Site "St Petersburg"]
[Date "2023.08.23"]
[Round "8"]
[White "Nagalevskiy, Bogdan"]
[Black "Shelyapin, Ilya"]
[Result "1/2-1/2"]
[WhiteElo "1382"]
[BlackElo "1055"]
[PlyCount "83"]
[EventDate "2023.08.18"]
[EventType "swiss"]
[EventRounds "9"]
[EventCountry "RUS"]
[SourceTitle "EXT 2024"]
[Source "ChessBase"]
[SourceDate "2023.10.10"]
[SourceVersion "1"]
[SourceVersionDate "2023.10.10"]
[SourceQuality "1"]

1. d4 d5 2. c4 e6 3. Nc3 Nf6 4. cxd5 exd5 5. Bg5 c6 6. e3 Be7 7. Bd3 h6 8. Bf4 Bd6 9. Bxd6 Qxd6 10. Qc2 Be6 11. Nf3 Nbd7 12. 0-0 0-0 13. a3 Bg4 14. Nd2 Be6 15. f4 Nb6 16. Nf3 Ng4 17. Rae1 Bd7 18. h3 Nf6 19. Ne5 Rac8 20. b4 Nh5 21. g4 Nf6 22. Ne2 h5 23. g5 Ne4 24. Rf3 Bf5 25. Ng3 Bxh3 26. Nxe4 dxe4 27. Rxh3 exd3 28. Qxd3 g6 29. f5 Rce8 30. Qc2 Nd7 31. Nd3 Re4 32. Nf4 Rfe8 33. Kf1 Nb6 34. fxg6 fxg6 35. Qa2+ Nd5 36. Nxd5 cxd5 37. Qf2 Qa6+ 38. Kg1 Qxa3 39. Qf6 R4e6 40. Qf3 Qxb4 41. Rf1 Qe7 42. Qxd5 1/2-1/2

[Event "St Petersburg Korchnoi Memorial op"]
[Site "St Petersburg"]
[Date "2023.08.18"]
[Round "1"]
[White "Shelyapin, Ilya"]
[Black "Lekhtonen, Yaroslav"]
[Result "0-1"]
[WhiteElo "1055"]
[BlackElo "1852"]
[PlyCount "80"]
[EventDate "2023.08.18"]
[EventType "swiss"]
[EventRounds "9"]
[EventCountry "RUS"]
[SourceTitle "EXT 2024"]
[Source "ChessBase"]
[SourceDate "2023.10.10"]
[SourceVersion "1"]
[SourceVersionDate "2023.10.10"]
[SourceQuality "1"]

1. e4 c5 2. c3 Nf6 3. d3 Nc6 4. Nf3 d6 5. Be2 g6 6. Be3 Bg7 7. h3 0-0 8. 0-0 Rb8 9. Nbd2 b5 10. a4 b4 11. Nc4 Ba6 12. Ncd2 Qa5 13. Nb3 Qb6 14. c4 Nd7 15. Qc2 Nd4 16. Bxd4 cxd4 17. Qd2 e5 18. Nh2 Qd8 19. Bg4 Nc5 20. Nxc5 dxc5 21. b3 Bb7 22. Be2 f5 23. exf5 gxf5 24. f3 Qh4 25. Qe1 Qf4 26. Qc1 Bh6 27. Qxf4 Bxf4 28. Rfd1 e4 29. Nf1 exf3 30. Bxf3 Bxf3 31. gxf3 Rb6 32. Re1 Rg6+ 33. Kh1 Rh6 34. Re7 Kh8 35. Rxa7 Rg8 36. Ra2 Rxh3+ 37. Nh2 Rhg3 38. Ra1 Be3 39. Nf1 Rg1+ 40. Kh2 Bf4+ 0-1